|
|
|
|
| LEADER |
00000cam a2200000 4500 |
| 001 |
vtls011921797 |
| 003 |
SK-MaSNL |
| 005 |
20260301225440.0 |
| 008 |
250312s1967 xo o grn 000 1 slo |
| 015 |
|
|
|a SNBA1967
|
| 020 |
|
|
|q (brožované)
|
| 035 |
|
|
|a urn:nbn:sk:snk-am00g528
|
| 035 |
|
|
|a urn:nbn:sk:snk-am3iylv
|
| 035 |
|
|
|a 4D0EE96E-549F-4E91-88B2-C20A8A72A03E
|
| 040 |
|
|
|a SNK
|b slo
|c SNK
|e rda
|
| 041 |
0 |
|
|a slo
|
| 044 |
|
|
|a xo
|c SK
|
| 072 |
|
7 |
|a 82
|x Literatúra. Literárny život
|2 konspekt
|
| 080 |
|
|
|a 37.016:82
|2 2011
|
| 080 |
|
|
|a (048.8)
|2 2011
|
| 100 |
1 |
|
|a Valehrachová-Matulayová, Margita,
|d 1909-1990
|4 aut
|9 103527
|
| 245 |
1 |
0 |
|a Literárna výchova v praxi
|c M. Valehrachová, J. Krpčiar, A. Rusková
|
| 264 |
|
1 |
|a Bratislava
|b Krajský pedagogický ústav
|c 1967
|
| 300 |
|
|
|a 102 strán
|b fotografie
|c 20 cm
|
| 336 |
|
|
|a text
|b txt
|2 rdacontent
|
| 337 |
|
|
|a bez média
|b n
|2 rdamedia
|
| 338 |
|
|
|a zväzok
|b nc
|2 rdacarrier
|
| 366 |
|
|
|e 1000 kusov
|
| 504 |
|
|
|a Obsahuje bibliografiu ; bibliografické odkazy
|
| 650 |
0 |
7 |
|a literárna výchova
|2 SNKPH
|9 1653
|
| 650 |
0 |
7 |
|a Literary education
|2 SNKPHeng
|9 274096
|
| 655 |
|
7 |
|a monografie
|2 SNKPH
|9 70139
|
| 655 |
|
7 |
|a Monographs
|2 SNKPHeng
|9 120675
|
| 700 |
1 |
0 |
|a Krpčiar, Ján
|4 aut
|9 5486
|
| 700 |
1 |
0 |
|a Rusková, Anna
|4 aut
|9 619058
|
| 852 |
|
|
|a Slovenská národná knižnica
|
| 958 |
|
|
|a NB
|
| 958 |
|
|
|a LX
|
| 958 |
|
|
|a OND
|
| 999 |
|
|
|c 950900
|d 952830
|
| 952 |
|
|
|a SNK
|b SNK
|y PREZ
|7 0
|p 17A1394317
|o snkSC 188447
|i snk2020/4774
|8 7
|0 0
|1 0
|4 0
|d 2020-03-04
|f 1
|l 0
|r 2025-10-06 00:00:00
|w 2026-02-24
|